|
|
|
|
| LEADER |
00000nam0a2200000 4500 |
| 001 |
318180 |
| 005 |
20231102003042.0 |
| 010 |
|
|
|a 9785444201152
|
| 035 |
|
|
|a (RuTPU)RU\TPU\book\343677
|
| 090 |
|
|
|a 318180
|
| 100 |
|
|
|a 20160422d2016 k y0rusy50 ca
|
| 101 |
0 |
|
|a rus
|
| 102 |
|
|
|a RU
|
| 105 |
|
|
|a a z 001zy
|
| 200 |
1 |
|
|a Контроль и диагностика многослойных конструкций из полимерных композиционных материалов акустическими методами
|e [монография]
|f В. В. Мурашов
|
| 210 |
|
|
|a Москва
|c Спектр
|d 2016
|
| 215 |
|
|
|a 244 с.
|c ил.
|
| 320 |
|
|
|a Библиография в конце глав
|
| 330 |
|
|
|a Рассмотрены виды дефектов монолитных и клееных конструкций, выполненных с использованием полимерных композиционных материалов. Указаны методы и средства неразрушающего контроля клеевых соединений в многослойных конструкциях и изделий из полимерных композиционных материалов. Показаны достоинства и недостатки как традиционно применяемых, так и специальных низкочастотных акустических методов неразрушающего контроля многослойных клееных конструкций. Представлено новое научное направление в диагностике ПКМ, позволяющее определять непосредственно в конструкции без ее разрушения пористость, плотность, содержание матрицы и наполнителя, степень отверждения матрицы, упругие и прочностные свойства угле-, органо- и стеклопластиков лазерно-акустическим способом ультразвукового контроля. Предназначена для специалистов второго уровня, работающих по направлениям неразрушающего контроля качества многослойных клееных конструкций и технической диагностики полимерных композиционных материалов, и может быть полезна в качестве пособия для подготовки студентов.
|
| 606 |
1 |
|
|a Авиационные конструкции слоистые
|2 stltpush
|3 (RuTPU)RU\TPU\subj\429
|9 29360
|
| 610 |
1 |
|
|a многослойные конструкции
|
| 610 |
1 |
|
|a дефекты
|
| 610 |
1 |
|
|a клеевые соединения
|
| 610 |
1 |
|
|a неразрушающий контроль
|
| 610 |
1 |
|
|a полимерные композитные материалы
|
| 610 |
1 |
|
|a клееные конструкции
|
| 610 |
1 |
|
|a акустический импедансный метод
|
| 610 |
1 |
|
|a акустический велосиметрический метод
|
| 610 |
1 |
|
|a слоистые пластики
|
| 610 |
1 |
|
|a акустико-тепловой метод
|
| 610 |
1 |
|
|a прочность
|
| 610 |
1 |
|
|a резонансные методы
|
| 610 |
1 |
|
|a диагностика
|
| 610 |
1 |
|
|a ультразвуковой контроль
|
| 610 |
1 |
|
|a углепластики
|
| 610 |
1 |
|
|a монографии
|
| 675 |
|
|
|a 629.73.02
|v 4
|
| 700 |
|
1 |
|a Мурашов
|b В. В.
|g Виктор Васильевич
|
| 801 |
|
1 |
|a RU
|b 63413507
|c 20160422
|
| 801 |
|
2 |
|a RU
|b 63413507
|c 20160718
|g RCR
|
| 942 |
|
|
|c BK
|
| 959 |
|
|
|a 32/20160331
|d 3
|e 590,00
|f ЧЗТЛ:1
|f УФ:2
|